Name the African Flags (Alphabetical Order) - Statistics

General Stats
  • This quiz has been taken 20 times
  • The average score is 14 of 16
Answer Stats
Picture Answer % Correct
Ivory Coast
94%
Kenya
94%
Uganda
94%
Angola
88%
Cameroon
88%
Niger
88%
Zambia
88%
Botswana
81%
Djibouti
81%
Equatorial Guinea
81%
Guinea
81%
Lesotho
81%
Mauritania
81%
Rwanda
81%
Togo
81%
South Sudan
75%
No matching quizzes found
Score Distribution
Percent of People with Each Score
Percentile by Number Answered
Your Score History
You have not taken this quiz